[Event "3rd Manaus Open 2024"]
[Site "Manaus"]
[Date "2024.10.12"]
[Round "6"]
[White "Pinero Rodriguez, Carlos Jose"]
[Black "Zanette, Edgard Vinicius"]
[Result "1-0"]
[WhiteElo "2305"]
[BlackElo "2064"]
[Annotator "RC"]
[PlyCount "96"]
[EventDate "2024.10.05"]
[EventType "swiss"]
[EventCountry "BRA"]
[SourceTitle "playchess.com"]
[Source "ChessBase"]
[SourceQuality "1"]

1. e4 e5 2. Nf3 Nc6 3. Bb5 a6 4. Ba4 Nf6 5. O-O Be7 6. d4 b5 7. Bb3 Nxe4 8. dxe5 Nc5 9. Bd5 O-O 10. Nbd2 Rb8 11. Nb3 Nxb3 12. axb3 Bb7 13. c3 d6 14. e6 fxe6 15. Bxe6+ Kh8 16. Bd5 Bf6 17. b4 Qc8 18. Qd3 Ne5 19. Nxe5 dxe5 20. Be4 Rd8 21. Qf3 Bxe4 22. Qxe4 Rd6 23. Be3 Qd7 24. Bc5 Rd2 25. Rxa6 Rxb2 26. Ra8 Rxa8 27. Qxa8+ Qd8 28. Qxd8+ Bxd8 29. Rd1 Bg5 30. g3 h6 31. Rd7 Rc2 32. Rxc7 Rxc3 33. Rb7 Kh7 34. h4 Bf6 35. Rxb5 Kg6 36. Rb7 Kf5 37. Kg2 g5 38. h5 g4 39. Rf7 Ke6 40. Rh7 Bg5 41. Bf8 Rb3 42. Bxh6 Be7 43. Be3 Bxb4 44. Rg7 Bf8 45. Rxg4 Rb7 46. Rg6+ Kf7 47. g4 Bg7 48. Rd6 Re7 1-0

[Event "3rd Manaus Open 2024"]
[Site "Manaus"]
[Date "2024.10.12"]
[Round "6"]
[White "Casalaspro, Mathias Andre"]
[Black "Silva, Juliana Figueira The"]
[Result "1-0"]
[WhiteElo "2187"]
[BlackElo "1899"]
[Annotator "RC"]
[PlyCount "70"]
[EventDate "2024.10.05"]
[EventType "swiss"]
[EventCountry "BRA"]
[SourceTitle "playchess.com"]
[Source "ChessBase"]
[SourceQuality "1"]

1. e4 c5 2. Nf3 d6 3. d4 cxd4 4. Nxd4 Nf6 5. Nc3 a6 6. a3 e5 7. Nf5 Bxf5 8. exf5 d5 9. Bg5 d4 10. Bxf6 Qxf6 11. Nd5 Qc6 12. c4 Nd7 13. Bd3 Nf6 14. Qe2 Nxd5 15. Be4 Qd7 16. Bxd5 Bd6 17. Qe4 Ra7 18. O-O O-O 19. b4 b6 20. f4 Qc7 21. f6 exf4 22. fxg7 Kxg7 23. Rae1 f6 24. Qxd4 a5 25. Kh1 axb4 26. axb4 Be5 27. Qe4 Qd6 28. b5 Re7 29. Rxf4 Rfe8 30. Rg4+ Kh8 31. g3 Qb4 32. Rb1 Qd2 33. Rh4 f5 34. Qg2 Qd3 35. Rf1 Bd6 1-0

[Event "3rd Manaus Open 2024"]
[Site "Manaus"]
[Date "2024.10.12"]
[Round "6"]
[White "De Siqueira, Luigy Lira"]
[Black "Takehara, Alan Keissuke"]
[Result "1-0"]
[WhiteElo "2155"]
[BlackElo "1870"]
[Annotator "RC"]
[PlyCount "49"]
[EventDate "2024.10.05"]
[EventType "swiss"]
[EventCountry "BRA"]
[SourceTitle "playchess.com"]
[Source "ChessBase"]
[SourceQuality "1"]

1. e4 c6 2. Nf3 d5 3. exd5 cxd5 4. Ne5 Nf6 5. d4 a6 6. Bd3 e6 7. O-O Be7 8. Re1 Nbd7 9. c3 Qc7 10. a4 b6 11. Bf4 Bd6 12. Qe2 O-O 13. Nd2 Bb7 14. Rac1 Bxe5 15. dxe5 Ne8 16. Nf3 g6 17. Qe3 Ng7 18. Bg5 Nc5 19. Bb1 Ne4 20. Bf4 Nf5 21. Qe2 Qc6 22. Nd4 Qxa4 23. Nxf5 exf5 24. Qe3 Rfe8 25. Qxb6 1-0

[Event "3rd Manaus Open 2024"]
[Site "Manaus"]
[Date "2024.10.12"]
[Round "6"]
[White "Silva, Guilherme Henrique D"]
[Black "Do Carmo, Gabriel Carckeno"]
[Result "1-0"]
[WhiteElo "2085"]
[BlackElo "1941"]
[Annotator "RC"]
[PlyCount "43"]
[EventDate "2024.10.05"]
[EventType "swiss"]
[EventCountry "BRA"]
[SourceTitle "playchess.com"]
[Source "ChessBase"]
[SourceQuality "1"]

1. e4 e6 2. d4 d5 3. Nd2 Nc6 4. Ngf3 Nf6 5. e5 Nd7 6. Bb5 a6 7. Bxc6 bxc6 8. Nb3 a5 9. Bg5 Be7 10. Bxe7 Qxe7 11. Qd2 c5 12. Nxa5 cxd4 13. b4 Rxa5 14. bxa5 c5 15. O-O Ba6 16. Rfe1 O-O 17. Rab1 Ra8 18. Qc1 Qd8 19. Qa3 Qc7 20. Nd2 Nxe5 21. Rxe5 Qxe5 22. Qxc5 1-0

[Event "3rd Manaus Open 2024"]
[Site "Manaus"]
[Date "2024.10.15"]
[Round "6.1"]
[White "Leitao, Rafael"]
[Black "Matsuura, Everaldo"]
[Result "1-0"]
[WhiteElo "2592"]
[BlackElo "2357"]
[Annotator "TA"]
[PlyCount "51"]
[EventDate "2024.10.05"]
[EventType "swiss"]
[EventCountry "BRA"]
[SourceTitle "playchess.com"]
[Source "ChessBase"]
[SourceQuality "1"]
[TimeControl "5400+30"]

{[%evp 16,51,30,12,25,19,36,56,54,56,75,15,13,23,35,26,27,25,33,39,35,54,63,60,81,79,80,87,122,122,112,109,162,160,211,204,556,564]} 1. c4 {[%emt 0:00:44]} c6 {[%emt 0:02:48]} 2. g3 {[%emt 0:00:49]} d5 {[%emt 0:01:57]} 3. Nf3 {[%emt 0:00:35]} Nf6 {[%emt 0:00:36]} 4. Bg2 {[%emt 0:00:47]} g6 {[%emt 0:03:18]} 5. O-O {[%emt 0:09:02]} Bg7 {[%emt 0:00:34]} 6. b3 Ne4 {[%emt 0:06:47]} 7. d4 {[%emt 0:03:19]} O-O {[%emt 0:01:43]} 8. Bb2 {[%emt 0:00:31]} a5 {[%emt 0:01:40]} 9. Nc3 {[%emt 0:12:03]} Nxc3 {[%emt 0:03:08]} 10. Bxc3 {[%emt 0:00:55]} dxc4 {[%emt 0:09:27]} 11. bxc4 {[%emt 0:00:51]} c5 {[%emt 0:00:20] White is slightly better.} 12. Rc1 {[%emt 0:03:35]} cxd4 {[%emt 0:03:15]} 13. Bxd4 {[%emt 0:11:44]} (13. Nxd4 $16 Ra6 14. c5) 13... Nc6 $11 {[%emt 0:04:13]} 14. Bxg7 {[%emt 0:00:54]} Kxg7 {[%emt 0:02:43]} 15. Qb3 {[%emt 0:01:37]} Qc7 {[%emt 0:00:27]} 16. e3 {[%emt 0:04:00]} Kg8 {[%emt 0:05:44]} 17. Nd4 {[%emt 0:04:32][%cal Bf3d4,Bd4b5,Bb5c3][%mdl 32]} a4 {[%emt 0:01:59]} 18. Qa3 {[%emt 0:03:56]} Bd7 {[%emt 0:01:46]} 19. Nb5 {[%emt 0:10:26]} Qa5 {[%emt 0:03:13] [#]} 20. Nc3 $1 {[%emt 0:01:20]} Rfe8 {[%emt 0:08:43]} 21. Nd5 {[%emt 0:00:25]} Rab8 {[%emt 0:04:54]} 22. Rb1 {[%emt 0:01:07]} Be6 {[%emt 0:03:22]} 23. Rb5 {[%emt 0:01:33] White is more active.} Qa7 {[%emt 0:07:57]} (23... Qd2 $16 24. Rb2 (24. Qxa4 Ra8 $16) 24... Qa5) 24. Rfb1 $18 {[%emt 0:00:48]} Bxd5 {[%emt 0:01:14]} (24... Bf5 $16 {was worth a try.}) 25. cxd5 {[%emt 0:01:06]} Ne5 {[%emt 0:06:01] [#]} (25... Nd8 {is tougher.} 26. Qc3 Ra8) 26. Qc3 {[%emt 0:02:05] Weighted Error Value: White=0.08 (flawless) /Black=0.32.  Mistake:       	White=1     	Black=3      Inaccurate:     	---       	Black=1      OK:         	White=7     	Black=5      Best:        	White=1     	---        Strong:       	White=1     	---} 1-0

[Event "3rd Manaus Open 2024"]
[Site "Manaus"]
[Date "2024.10.15"]
[Round "6.2"]
[White "Perdomo, Leandro"]
[Black "Molina, Roberto Junio Brito"]
[Result "1/2-1/2"]
[WhiteElo "2356"]
[BlackElo "2381"]
[Annotator "RC"]
[PlyCount "41"]
[EventDate "2024.10.05"]
[EventType "swiss"]
[EventCountry "BRA"]
[SourceTitle "playchess.com"]
[Source "ChessBase"]
[SourceQuality "1"]
[TimeControl "5400+30"]

1. d4 {[%emt 0:00:03]} d5 {[%emt 0:15:37]} 2. c4 {[%emt 0:00:02]} e6 {[%emt 0:00:05]} 3. Nc3 {[%emt 0:00:04]} Nf6 {[%emt 0:00:20]} 4. Bg5 {[%emt 0:00:02]} Be7 {[%emt 0:00:24]} 5. e3 {[%emt 0:00:04]} h6 {[%emt 0:00:13]} 6. Bxf6 {[%emt 0:00:22]} Bxf6 {[%emt 0:00:09]} 7. Nf3 {[%emt 0:00:04]} b6 {[%emt 1:17:12]} 8. Qc2 {[%emt 0:07:32]} Bb7 {[%emt 0:00:00]} 9. cxd5 {[%emt 0:00:22]} exd5 {[%emt 0:00:00]} 10. O-O-O {[%emt 0:00:39]} Nd7 {[%emt 0:00:00]} 11. h4 {[%emt 0:03:59]} a6 {[%emt 0:00:00]} 12. Bd3 {[%emt 0:27:36]} Qe7 {[%emt 0:00:00]} 13. e4 {[%emt 0:00:11]} dxe4 {[%emt 0:00:00]} 14. Bxe4 {[%emt 0:12:53]} O-O-O {[%emt 0:00:00]} 15. Rhe1 {[%emt 0:00:51]} Qd6 {[%emt 0:00:00]} 16. Ne5 {[%emt 0:00:53]} Bxe5 {[%emt 0:00:00]} 17. dxe5 {[%emt 0:00:04]} Qe7 {[%emt 0:00:00]} 18. Bxb7+ {[%emt 0:06:59]} Kxb7 {[%emt 0:00:00]} 19. Qe4+ {[%emt 0:00:25]} Ka7 {[%emt 0:00:00]} 20. Nd5 {[%emt 0:02:32]} Qe6 {[%emt 0:00:00]} 21. Nb4 {[%emt 0:35:23]} 1/2-1/2

[Event "3rd Manaus Open 2024"]
[Site "Manaus"]
[Date "2024.10.15"]
[Round "6.3"]
[White "Fier, Alexandr"]
[Black "Sunye Neto, Jaime"]
[Result "1-0"]
[WhiteElo "2539"]
[BlackElo "2381"]
[Annotator "TA"]
[PlyCount "67"]
[EventDate "2024.10.05"]
[EventType "swiss"]
[EventCountry "BRA"]
[SourceTitle "playchess.com"]
[Source "ChessBase"]
[SourceQuality "1"]
[TimeControl "5400+30"]

{[%evp 14,67,36,56,42,26,54,51,30,43,35,20,19,-4,0,-63,-48,-117,-61,-106,0,14,-4,-19,0,0,107,107,107,104,149,145,150,153,142,89,108,114,117,73,176,161,225,168,160,168,135,137,175,188,351,339,350,336,352,345]} 1. e4 {[%emt 0:00:04]} c5 {[%emt 0:00:07]} 2. Nf3 {[%emt 0:00:03]} e6 {[%emt 0:00:48]} 3. d4 {[%emt 0:00:28]} cxd4 {[%emt 0:00:08]} 4. Nxd4 {[%emt 0:00:03]} a6 {[%emt 0:00:06]} 5. Bd3 {[%emt 0:00:04]} Bc5 {[%emt 0:00:30]} 6. Nb3 {[%emt 0:00:05]} Ba7 {[%emt 0:00:07]} 7. O-O {[%emt 0:00:05]} Nc6 {[%emt 0:00:40]} 8. Qg4 {[%emt 0:00:04]} Qf6 {[%emt 0:01:12]} 9. Nc3 {[%emt 0:00:06]} Nge7 {[%emt 0:08:28]} 10. Bg5 {[%emt 0:00:06]} Qg6 {[%emt 0:00:50] ...h6 ist eine echte Drohung. Weiß steht etwas besser.} 11. Qh4 {[%emt 0:00:05][%cal Oc3d5]} f6 {[%emt 0:04:03]} 12. Bd2 {[%emt 1:35:17][%cal Oc3d5]} h5 {[%emt 0:29:27]} 13. Be2 {[%emt 0:00:00]} Qf7 {[%emt 0:02:21]} 14. Qh3 {[%emt 0:00:00]} ({Vorzuziehen ist} 14. Be3 $11) 14... d5 $1 $15 {[%emt 0:02:01]} 15. Be1 {[%emt 0:00:00]} ({Besser ist} 15. Kh1 $15) 15... b5 {[%emt 0:05:29]} (15... Ne5 $17 16. Rd1 g5) 16. Qd3 {[%emt 0:00:00]} Bb7 {[%emt 0:07:50]} (16... h4 $17 {...Ne5 wäre nun fies.} 17. h3 d4) 17. exd5 $11 {[%emt 0:00:00]} exd5 {[%emt 0:00:09]} 18. Qd1 {[%emt 0:00:00]} Rd8 {[%emt 0:13:26]} 19. a4 {[%emt 0:00:00]} b4 {[%emt 0:05:57] [#]} (19... Ne5 $11 {bleibt in der Remisbreite.} 20. Bd3 (20. axb5 d4 $11) 20... Nxd3 21. cxd3 d4) 20. Nb5 $1 $16 {[%emt 0:00:00][%mdl 512] Und Nxa7 würde nun gewinnen.} Bb8 {[%emt 0:04:07][%cal Od5d4,Ba7b8,Bb8d6,Bd6c5][%mdl 32]} 21. N5d4 {[%emt 0:00:00]} Bd6 {[%emt 0:01:01] Wehrt Nc5 ab} 22. c3 {[%emt 0:00:00]} bxc3 {[%emt 0:00:39]} 23. Bxc3 {[%emt 0:00:00][%cal Be1c3,Bc3a5,Ba5b4][%mdl 32]} g6 {[%emt 0:00:27]} 24. f4 {[%emt 0:00:00]} (24. Na5 $142 Nxa5 25. Bxa5) 24... Nxd4 {[%emt 0:00:49]} 25. Nxd4 {[%emt 0:00:00]} (25. Qxd4 O-O $11) 25... Bc5 {[%emt 0:04:07]} 26. Kh1 {[%emt 0:00:00]} Bc8 {[%emt 0:03:22] Wehrt f5 ab} ({Ein No Go ist} 26... O-O 27. f5 Nxf5 (27... Bxd4 $2 28. fxg6 Qg7 29. Qxd4 $18) 28. Nxf5 gxf5 29. Rxf5 $18 (29. Bxh5 Qg7 $18)) (26... Bxd4 $16 27. Qxd4 O-O) 27. Ba5 $18 {[%emt 0:00:00]} Rd6 {[%emt 0:03:15]} (27... Bxd4 {ist eine bessere Verteidigung.} 28. Qxd4 (28. Bxd8 Nf5 $18) 28... Rd6) 28. Rc1 {[%emt 0:00:00]} Bxd4 {[%emt 0:00:45]} 29. Qxd4 {[%emt 0:00:00]} O-O {[%emt 0:00:12] Schwarz hat schwache schwarze Felder} 30. Bb4 {[%emt 0:00:00] Weiß steht deutlich aktiver.} Rd7 {[%emt 0:01:02]} 31. Bd3 {[%emt 0:00:00] Das Läuferpaar ist gut.} Bb7 $2 {[%emt 0:01:09]} (31... Re8 32. Rfe1 Bb7) 32. f5 {[%emt 0:00:00]} g5 {[%emt 0:00:03]} 33. Rfe1 {[%emt 0:00:00]} Rfd8 {[%emt 0:00:19]} 34. Re6 {[%emt 0:00:00] Gewichteter Fehlerwert: Weiß=0.16 (sehr präzise) /Schwarz=0.31.  Fehler:       	Weiß=3     	Schwarz=6     Ungenau:       	Weiß=2     	Schwarz=1     OK:         	Weiß=9     	Schwarz=11    Bester:       	Weiß=3     	---        Stark:        	---       	Schwarz=1     Brilliant:      	Weiß=1     	---} 1-0

[Event "3rd Manaus Open 2024"]
[Site "Manaus"]
[Date "2024.10.15"]
[Round "6.4"]
[White "Quintiliano, Renato R."]
[Black "Do Valle Cardoso, Lucas"]
[Result "1-0"]
[WhiteElo "2513"]
[BlackElo "2375"]
[Annotator "RC"]
[PlyCount "135"]
[EventDate "2024.10.05"]
[EventType "swiss"]
[EventCountry "BRA"]
[SourceTitle "playchess.com"]
[Source "ChessBase"]
[SourceQuality "1"]
[TimeControl "5400+30"]

1. d4 {[%emt 0:00:14]} d5 {[%emt 0:06:31]} 2. c4 {[%emt 0:01:20]} dxc4 {[%emt 0:00:11]} 3. Nf3 {[%emt 0:00:15]} Nf6 {[%emt 0:00:07]} 4. e3 {[%emt 0:00:18]} e6 {[%emt 0:00:16]} 5. Bxc4 {[%emt 0:00:21]} c5 {[%emt 0:00:13]} 6. O-O {[%emt 0:00:28]} a6 {[%emt 0:00:08]} 7. Nc3 {[%emt 0:07:01]} b5 {[%emt 0:02:49]} 8. Bb3 {[%emt 0:00:27]} Bb7 {[%emt 0:02:08]} 9. e4 {[%emt 1:24:36]} cxd4 {[%emt 0:28:25]} 10. Nxd4 {[%emt 0:00:00]} Nc6 {[%emt 0:00:23]} 11. Nxc6 {[%emt 0:00:00]} Qxd1 {[%emt 0:01:46]} 12. Rxd1 {[%emt 0:00:00]} Bxc6 {[%emt 0:00:05]} 13. f3 {[%emt 0:00:00]} Bc5+ {[%emt 0:04:50]} 14. Kf1 {[%emt 0:00:00]} Rd8 {[%emt 0:03:33]} 15. Bf4 {[%emt 0:00:00]} Rxd1+ {[%emt 0:04:56]} 16. Rxd1 {[%emt 0:00:00]} Ke7 {[%emt 0:03:03]} 17. Ne2 {[%emt 0:00:00]} Rc8 {[%emt 0:04:29]} 18. Bg5 {[%emt 0:00:00]} h6 {[%emt 0:02:02]} 19. Bh4 {[%emt 0:00:00]} Bd6 {[%emt 0:02:59]} 20. Rxd6 {[%emt 0:00:00]} Kxd6 {[%emt 0:00:39]} 21. e5+ {[%emt 0:00:00]} Kxe5 {[%emt 0:04:58]} 22. Bg3+ {[%emt 0:00:00]} Kf5 {[%emt 0:00:08]} 23. Bc2+ {[%emt 0:00:00]} Ne4 {[%emt 0:02:11]} 24. fxe4+ {[%emt 0:00:00]} Kf6 {[%emt 0:03:47]} 25. Be1 {[%emt 0:00:00]} e5 {[%emt 0:05:42]} 26. Bc3 {[%emt 0:00:00]} Bd7 {[%emt 0:00:05]} 27. a3 {[%emt 0:00:00]} Be6 {[%emt 0:03:25]} 28. Ng1 {[%emt 0:00:00]} Ke7 {[%emt 0:02:11]} 29. Nf3 {[%emt 0:00:00]} f6 {[%emt 0:00:02]} 30. Kf2 {[%emt 0:00:00]} Kf7 {[%emt 0:01:11]} 31. Bd3 {[%emt 0:00:00]} h5 {[%emt 0:04:31]} 32. Nd2 {[%emt 0:00:00]} g6 {[%emt 0:02:05]} 33. Nf1 {[%emt 0:00:00]} Bc4 {[%emt 0:00:26]} 34. Bc2 {[%emt 0:00:00]} Be6 {[%emt 0:05:05]} 35. Ne3 {[%emt 0:00:00]} Ke7 {[%emt 0:00:55]} 36. Nd5+ {[%emt 0:00:00]} Kf7 {[%emt 0:01:22]} 37. Bd3 {[%emt 0:00:00]} Rd8 {[%emt 0:00:47]} 38. Bc2 {[%emt 0:00:00]} Rc8 {[%emt 0:00:06]} 39. Bd1 {[%emt 0:00:00]} Rc4 {[%emt 0:00:51]} 40. Bc2 {[%emt 0:00:00]} Rc8 {[%emt 0:00:17]} 41. Ke3 {[%emt 0:00:00]} Kg7 {[%emt 0:00:26]} 42. Bd3 {[%emt 0:00:00]} Rd8 {[%emt 0:00:40]} 43. Ba5 {[%emt 0:00:00]} Rd6 {[%emt 0:00:33]} 44. Bb4 {[%emt 0:00:00]} Rd7 {[%emt 0:00:30]} 45. Nb6 {[%emt 0:01:36]} Rc7 {[%emt 0:00:24]} 46. a4 {[%emt 0:01:04]} bxa4 {[%emt 0:00:21]} 47. Nxa4 {[%emt 0:00:07]} Bc4 {[%emt 0:00:08]} 48. Nc5 {[%emt 0:00:12]} Bf7 {[%emt 0:00:55]} 49. Bxa6 {[%emt 0:01:13]} f5 {[%emt 0:00:47]} 50. g3 {[%emt 0:00:24]} Rc6 {[%emt 0:00:22]} 51. Bb7 {[%emt 0:01:39]} Rd6 {[%emt 0:00:44]} 52. Bc3 {[%emt 0:00:28]} Rd1 {[%emt 0:00:29]} 53. exf5 {[%emt 0:00:38]} gxf5 {[%emt 0:00:21]} 54. Nd3 {[%emt 0:00:33]} Kh7 {[%emt 0:00:27]} 55. Nxe5 {[%emt 0:00:09]} Bd5 {[%emt 0:00:35]} 56. Bxd5 {[%emt 0:00:43]} Rxd5 {[%emt 0:00:02]} 57. Kf4 {[%emt 0:00:23]} h4 {[%emt 0:01:04]} 58. Kxf5 {[%emt 0:00:42]} hxg3 {[%emt 0:00:17]} 59. hxg3 {[%emt 0:00:06]} Rd1 {[%emt 0:00:15]} 60. g4 {[%emt 0:00:12]} Rf1+ {[%emt 0:00:09]} 61. Ke4 {[%emt 0:01:01]} Kh6 {[%emt 0:00:10]} 62. b4 {[%emt 0:00:53]} Kg5 {[%emt 0:00:41]} 63. Nf3+ {[%emt 0:00:17]} Kg6 {[%emt 0:00:07]} 64. Be1 {[%emt 0:00:20]} Rh1 {[%emt 0:01:22]} 65. b5 {[%emt 0:00:27]} Rh8 {[%emt 0:00:08]} 66. b6 {[%emt 0:00:54]} Re8+ {[%emt 0:00:04]} 67. Kf4 {[%emt 0:00:40]} Re2 {[%emt 0:00:15]} 68. Bc3 {[%emt 0:00:56]} 1-0

[Event "3rd Manaus Open 2024"]
[Site "Manaus"]
[Date "2024.10.15"]
[Round "6.5"]
[White "Delgado Ramirez, Neuris"]
[Black "Hoffman, Alejandro"]
[Result "1-0"]
[WhiteElo "2496"]
[BlackElo "2356"]
[Annotator "TA"]
[PlyCount "77"]
[EventDate "2024.10.05"]
[EventType "swiss"]
[EventCountry "BRA"]
[SourceTitle "playchess.com"]
[Source "ChessBase"]
[SourceQuality "1"]
[TimeControl "5400+30"]

{[%evp 9,77,24,30,14,54,50,39,63,51,34,29,27,38,38,36,53,64,60,65,60,54,60,96,56,62,60,67,71,58,47,76,75,43,43,66,64,70,67,85,79,96,97,120,64,67,54,93,87,75,82,159,131,222,225,224,188,186,186,189,138,181,177,168,173,284,254,927,908,5181,4133]} 1. e4 {[%emt 0:33:00]} d6 {[%emt 0:00:24]} 2. d4 {[%emt 0:00:08]} Nf6 {[%emt 0:00:07]} 3. Nc3 {[%emt 0:00:07]} e5 {[%emt 0:00:13]} 4. Nf3 {[%emt 0:00:08]} Nbd7 {[%emt 0:05:51]} 5. Rg1 {[%emt 0:00:13]} c6 {[%emt 0:01:04]} 6. g4 {[%emt 0:00:26][%cal Bg2g4,Bg4g5][%mdl 32]} g6 {[%emt 0:00:46]} 7. g5 {[%emt 0:00:09]} Nh5 {[%emt 0:00:19]} 8. Be3 {[%emt 0:00:11] White is slightly better.} b5 {[%emt 0:03:29]} 9. a3 {[%emt 0:00:41]} a6 {[%emt 0:01:30]} 10. h4 {[%emt 0:01:06]} Qc7 {[%emt 0:00:56]} 11. Qd2 {[%emt 0:00:32]} Be7 {[%emt 0:00:42]} 12. Be2 {[%emt 0:00:44]} Rb8 {[%emt 0:02:11]} 13. Nh2 {[%emt 0:01:27]} Nb6 {[%emt 0:21:38]} 14. b3 $1 {[%emt 0:00:44] Inhibits Nc4.} Ng7 {[%emt 0:15:33]} 15. d5 {[%emt 0:04:11]} c5 {[%emt 0:11:04]} 16. a4 {[%emt 0:06:47]} bxa4 {[%emt 0:08:18]} 17. Nxa4 {[%emt 0:00:38]} f5 {[%emt 0:04:14] Repels Ng4} 18. gxf6 {[%emt 0:01:36] White is more active.} Bxf6 {[%emt 0:00:08]} 19. Nxb6 {[%emt 0:04:20]} Rxb6 {[%emt 0:00:21]} 20. Nf3 {[%emt 0:01:25]} Rb4 {[%emt 0:03:49]} 21. Bc4 {[%emt 0:01:20][%cal Oe1d1]} Nh5 {[%emt 0:02:11]} 22. Ng5 {[%emt 0:03:31]} Bxg5 {[%emt 0:00:53]} 23. Rxg5 {[%emt 0:00:20][%cal Oc2c3]} O-O {[%emt 0:00:38]} 24. c3 {[%emt 0:00:10]} (24. Bxa6 Rxe4 25. Bc4 Rxh4 $17) 24... Rb8 {[%emt 0:00:41] [#]} 25. Rxe5 $1 {[%emt 0:00:24]} Qf7 {[%emt 0:03:08] [#]} (25... Nf6 $2 26. Bg5 $18) (25... Bg4 26. Rg5) 26. Re6 {[%emt 0:05:26]} Qf3 $1 $14 {[%emt 0:04:21] [#] ...Qh1+ would now be deadly.} 27. Qe2 $1 {[%emt 0:00:38]} Qh1+ {[%emt 0:01:50]} 28. Qf1 {[%emt 0:00:19]} Qxh4 {[%emt 0:01:00]} 29. O-O-O $36 {[%emt 0:04:16][%mdl 2048] White is on the roll.} Bxe6 {[%emt 0:02:28]} (29... Qh2 $142) 30. dxe6 $16 {[%emt 0:00:08] Black must now prevent e7+.} Qxe4 {[%emt 0:01:20]} (30... Rfe8 $16) 31. e7+ $18 {[%emt 0:04:27]} Rf7 {[%emt 0:00:43][%cal Oe4e7,Bf8f7,Bf7f5,Bf5e5][%mdl 32]} 32. Rxd6 {[%emt 0:00:28]} Qxe7 {[%emt 0:00:53]} 33. Qd1 {[%emt 0:01:22][%cal Od6d7] And now Rd7! would win.} (33. Bxf7+ Qxf7 34. Qd1 Qf5 $16 (34... Rxb3 $2 35. Bh6 $18)) (33. Rxa6 $6 Kg7 $11) 33... Kh8 {[%emt 0:01:44]} 34. Bxc5 {[%emt 0:02:06]} ({White should try} 34. Bxf7 $18 Qxf7 35. Bxc5 (35. Rxa6 Qxb3 36. Qxb3 Rxb3 $11)) 34... Rf5 {[%emt 0:01:25]} 35. Bd4+ {[%emt 0:05:36] A strong pair of Bishops.} Ng7 {[%emt 0:00:51]} 36. Qd2 {[%emt 0:02:57][%cal Ob3b4]} Re8 {[%emt 0:00:57]} (36... Rff8 {might work better.} 37. Kb2 Rbd8 38. Rxa6 (38. Rxg6 Rxd4 39. cxd4 Rxf2 $11) 38... Rxd4 39. Qxd4 Rd8) 37. Kb2 {[%emt 0:01:02][%cal Od6g6] Strongly threatening Rxg6!} a5 $2 {[%emt 0:00:36] [#]} (37... g5 38. b4 (38. Rxa6 Rd8 $18) 38... Rf4 39. Bxa6 (39. Rxa6 Rd8 $16) 39... Qf7) 38. Rxg6 $3 {[%emt 0:01:09][%mdl 512]} Re5 {[%emt 0:00:38]} (38... Ref8 39. Bxg7+) 39. Rxg7 {[%emt 0:00:45] Weighted Error Value: White=0.10 (very precise) /Black=0.20 (precise) .  Mistake:       	White=2     	Black=4      Inaccurate:     	White=1     	Black=5      OK:         	White=14    	Black=12     Best:        	White=2     	Black=4      Strong:       	White=1     	Black=1      Brilliant:      	White=2     	---} 1-0